| 000 | 00452nam a2200193Ia 4500 | ||
|---|---|---|---|
| 003 | GCL | ||
| 008 | 140319s9999 xx 000 0 eng d | ||
| 040 |
_aGCL / _cGCL |
||
| 082 | 0 | 4 |
_a709.381 _bB E |
| 100 | 1 | _aBOWRA, C.M. | |
| 245 | 1 | 0 |
_aL'EXPERIENCE GRECQUE / _cBOWRA, C.M. |
| 260 |
_a[S.N] : _bFAYARD ، _c1969 |
||
| 300 | _a250 P | ||
| 650 | 0 | 4 | _aARTS |
| 650 | 0 | 4 | _aGREEK |
| 650 | 0 | 4 | _aHISTORY, GREEK |
| 650 | 0 | 4 | _aART, GREEK |
| 942 |
_2ddc _cBK |
||
| 999 |
_c24466 _d24466 |
||